00636 2200181 4500001002100000005001700021008004100038035002400079082001100103090002000114100001100134245015000145260006200295300002800357504002900385650002200414990001800436YOGYA-0313000000021920130311113739.0 ind  0010-031300000000219 a297.27 aSK 297.27 Suj K aSUJADI aKonstruksi makna korupsi di lingkungaan biokrasi Depag; studi intepretatif di lingkungan biokrasi Kantor Departemen Agama Slemancpeneliti Sujadi bYogyakarta: Universitas Islam Negeri Sunan Kalijagac2006 a70 lbr.:bilus;c29 cm. aBibliografi: lbr. 69-70. aIslam dan Korupsi a44531-PD/A.12